[Event "GER-chT U16"]
[Site "Willingen"]
[Date "2021.06.25"]
[Round "4.4"]
[White "Zinke, Mirko"]
[Black "Alhamid, Mohamad"]
[Result "0-1"]
[WhiteElo "1534"]
[BlackElo "1664"]
[PlyCount "82"]
[EventDate "2021.06.23"]
[EventType "team-swiss"]
[EventRounds "7"]
[EventCountry "GER"]
[SourceTitle "CBM 203 Extra"]
[Source "ChessBase"]
[SourceDate "2021.09.30"]
[SourceVersion "1"]
[SourceVersionDate "2021.09.30"]
[SourceQuality "1"]
[WhiteTeam "Leipzig SG "]
[BlackTeam "Delmenhorst"]
[WhiteTeamCountry "GER"]
[BlackTeamCountry "GER"]

1. Nf3 Nf6 2. g3 b5 3. Bg2 Bb7 4. 0-0 e6 5. d3 c5 6. Nbd2 d5 7. Re1 Be7 8. a4 b4 9. c4 d4 10. Qc2 0-0 11. e3 Nc6 12. exd4 cxd4 13. Nb3 Qd7 14. Bf4 Rad8 15. Ne5 Nxe5 16. Bxe5 Bxg2 17. Kxg2 Qc6+ 18. Kg1 Bc5 19. Nxc5 Qxc5 20. b3 Nd7 21. Bf4 Qf5 22. Bd6 Rfe8 23. Bxb4 Ne5 24. Re4 Nf3+ 25. Kg2 Ng5 26. Rf4 Qh3+ 27. Kg1 e5 28. Rh4 Nf3+ 29. Kh1 Nxh4 30. gxh4 Qf3+ 31. Kg1 Re6 32. Qd1 Qh3 33. h5 e4 34. dxe4 Rxe4 35. f3 Re3 36. Qf1 Qxh5 37. f4 Rde8 38. Ra2 d3 39. c5 Re2 40. Rxe2 Rxe2 41. c6 Qxh2# 0-1